[Event "Warren (MCO/3/11)"]
[Site "?"]
[Date "1986.??.??"]
[Round "?"]
[White "Accad, W.."]
[Black "Mazuchowski, Tom"]
[Result "1/2-1/2"]
[WhiteElo "1915"]
[BlackElo "2125"]
[PlyCount "63"]
[EventDate "1986.??.??"]

{3/(11)} 1. e4 e6 2. d4 d5 3. exd5 exd5 4. Bd3 Nf6 5. Ne2 c5 6. c3 Nc6 7. a3 c4
8. Bc2 Bd6 9. h3 O-O 10. O-O Qc7 11. Nd2 h6 12. Nf3 Ne7 13. Bd2 Ne4 14. Qc1
Nxd2 15. Qxd2 Bf5 16. Rae1 Be4 17. Bb1 b5 18. Kh1 a5 19. Bxe4 dxe4 20. Ne5 Bxe5
21. dxe5 Qxe5 22. Nd4 Nf5 23. Nf3 Qe6 24. Qf4 Rfe8 25. Nd2 Nd6 26. f3 e3 27.
Ne4 Nxe4 28. fxe4 Qxe4 29. Qxf7+ Kh8 30. Rf4 Qe6 31. Qb7 Rf8 32. Rg4 1/2-1/2

[Event "Warren (MCO/6/13)"]
[Site "?"]
[Date "1986.??.??"]
[Round "?"]
[White "Accad, W.."]
[Black "Levine, H.."]
[Result "1/2-1/2"]
[WhiteElo "1915"]
[BlackElo "2065"]
[PlyCount "127"]
[EventDate "1986.??.??"]

{6/(13)} 1. e4 e6 2. d4 d5 3. exd5 exd5 4. Bd3 Nc6 5. Ne2 Nf6 6. c3 Be7 7. O-O
O-O 8. h3 Ne4 9. Bf4 Bf5 10. f3 Nd6 11. Bxd6 Bxd3 12. Bxe7 Bxe2 13. Bxd8 Bxd1
14. Bxc7 Bc2 15. Nd2 Rac8 16. Bg3 b5 17. Rac1 Bd3 18. Rfe1 Rfe8 19. a3 a5 20.
Nb3 b4 21. axb4 axb4 22. Nc5 Bb5 23. Nb7 Rxe1+ 24. Rxe1 Ba6 25. Nd6 Rd8 26. Kf2
bxc3 27. bxc3 Kf8 28. Ra1 Ra8 29. Nb5 Bb7 30. Bd6+ Kg8 31. Rxa8+ Bxa8 32. Nc7
Bb7 33. Nxd5 f6 34. Ne7+ Nxe7 35. Bxe7 Kf7 36. Bc5 Bd5 37. f4 f5 38. g4 g6 39.
Kg3 h5 40. g5 Ke6 41. h4 Bb3 42. Kf2 Kd5 43. Ke3 Bc4 44. Ba7 Bb5 45. Bb8 Bc4
46. Be5 Bb5 47. Bf6 Bf1 48. Be7 Bb5 49. Ba3 Bf1 50. Bc1 Bc4 51. Bd2 Bb3 52. Be1
Bc4 53. Bg3 Bb3 54. Bh2 Kc4 55. Kd2 Kd5 56. Kc1 Kc4 57. Kb2 Ba4 58. Bg1 Bc6 59.
Bf2 Bd7 60. Be1 Bc6 61. Ka3 Bb5 62. d5 Kxd5 63. Kb4 Bd3 64. Bd2 1/2-1/2

[Event "Warren (MCO/1/33)"]
[Site "?"]
[Date "1986.??.??"]
[Round "?"]
[White "Accad, W.."]
[Black "Feldman, J.."]
[Result "1-0"]
[WhiteElo "1915"]
[BlackElo "1605"]
[PlyCount "61"]
[EventDate "1986.??.??"]

{1/(33)} 1. e4 e5 2. Nf3 Nc6 3. Bb5 a6 4. Ba4 b5 5. Bb3 Be7 6. O-O d6 7. h3 Nf6
8. c3 Na5 9. Bc2 c5 10. a4 Bb7 11. Qe2 c4 12. Na3 Qb6 13. axb5 axb5 14. Nxb5
Nb3 15. Rxa8+ Bxa8 16. Qxc4 Nxc1 17. Nc7+ Kd7 18. Nxa8 Rxa8 19. Rxc1 Qxb2 20.
Ba4+ Kd8 21. Re1 Qa3 22. Bc6 Rc8 23. Qb5 Qc5 24. Qxc5 dxc5 25. Nxe5 Nh5 26.
Nxf7+ Kc7 27. Bd5 Bf6 28. g3 g6 29. Rb1 Kd7 30. Rb7+ Rc7 31. Rb6 1-0

[Event "Taylor (SEMO/4/12)"]
[Site "?"]
[Date "1986.??.??"]
[Round "?"]
[White "Accad, W.."]
[Black "Conley, Steve"]
[Result "1-0"]
[WhiteElo "1915"]
[BlackElo "1810"]
[PlyCount "123"]
[EventDate "1986.??.??"]

{4/(12)} 1. Nf3 d5 2. g3 e6 3. d4 Nf6 4. Bg2 c5 5. O-O Nc6 6. b3 cxd4 7. Nxd4
Bc5 8. Bb2 O-O 9. e3 Bd7 10. Nd2 Rc8 11. a3 a5 12. Rc1 Qe7 13. a4 Nb4 14. e4 e5
15. Nb5 Bxb5 16. axb5 d4 17. Nc4 b6 18. Kh1 Nd7 19. c3 dxc3 20. Bxc3 Na2 21.
Rc2 Nxc3 22. Rxc3 Bd4 23. Rd3 f6 24. f4 Rc7 25. fxe5 fxe5 26. Rxf8+ Kxf8 27. h4
h6 28. Bh3 Kg8 29. Ne3 Nf6 30. Nf5 Qa3 31. Qf3 Rc1+ 32. Bf1 Nxe4 33. Qxe4 Rxf1+
34. Kg2 Qb2+ 35. Kh3 Qb1 36. Nxh6+ gxh6 37. Qg6+ Kf8 38. Rf3+ Ke7 39. Qf7+ Kd6
40. Rxf1 Qd3 41. Rf6+ Kc5 42. Qd7 Qxb3 43. Rc6+ Kb4 44. Rxh6 a4 45. Rh8 a3 46.
Ra8 a2 47. Qd6+ Kc4 48. Rxa2 Qxb5 49. h5 e4 50. Qe6+ Kd3 51. Ra3+ Bc3 52. Qg4
Qc5 53. Qd1+ Kc4 54. Qb3+ Kd3 55. Qxc3+ Qxc3 56. Rxc3+ Kxc3 57. h6 e3 58. h7 e2
59. h8=Q+ Kd2 60. Qd4+ Kc2 61. Qe3 Kd1 62. Qxb6 1-0

[Event "Trenton Quads (January)"]
[Site "Trenton, Mich."]
[Date "1986.01.11"]
[Round "2"]
[White "Owens, James"]
[Black "Moody, David"]
[Result "0-1"]
[WhiteElo "1924"]
[BlackElo "1918"]
[PlyCount "62"]
[EventDate "1986.01.11"]

1. e4 e5 2. Bc4 Nf6 3. d4 Nxe4 4. dxe5 Bc5 5. Bxf7+ Kf8 6. Qf3 Ng5 7. Bxg5 Qxg5
8. Bd5+ Ke8 9. Qf7+ Kd8 10. f4 Qh6 11. Bf3 Rf8 12. Qd5 Bxg1 13. Rxg1 Qb6 14.
Rf1 Qxb2 15. Kd2 Qxa1 16. Re1 Qb2 17. Nc3 Qb4 18. Re4 Qe7 19. e6 Nc6 20. Bg4
Qd6 21. Qxd6 cxd6 22. f5 Ne7 23. Nb5 dxe6 24. fxe6 d5 25. Rd4 Rf6 26. c4 Bxe6
27. Bxe6 Rxe6 28. cxd5 Re5 29. Nc3 Rc8 30. d6 Nf5 31. Rd3 Rc6 0-1

[Event "Trenton Quads (January)"]
[Site "Trenton, Mich."]
[Date "1986.01.11"]
[Round "1"]
[White "Moody, David"]
[Black "Jackson, James"]
[Result "1-0"]
[WhiteElo "1918"]
[BlackElo "1838"]
[PlyCount "97"]
[EventDate "1986.01.11"]

1. e4 e5 2. Nf3 f5 3. Bc4 fxe4 4. Nxe5 d5 5. Qh5+ g6 6. Nxg6 hxg6 7. Qxg6+ Kd7
8. Bxd5 Nf6 9. Bxe4 Nxe4 10. Qxe4 Qe7 11. d3 Qxe4+ 12. dxe4 Bd6 13. h4 Ke8 14.
Be3 Nc6 15. Nc3 Bb4 16. f3 Bxc3+ 17. bxc3 Be6 18. g4 Ne5 19. Kf2 Rf8 20. f4
Nxg4+ 21. Kf3 Ne5+ 22. Kg3 Rg8+ 23. Kf2 Ng4+ 24. Kf3 Nxe3 25. Kxe3 Rg3+ 26. Kd4
Rd8+ 27. Ke5 Bf7 28. h5 Rxc3 29. f5 Rc5+ 30. Kf4 Rxc2 31. h6 Ke7 32. h7 Rh8 33.
e5 Rg2 34. Rac1 c6 35. Rb1 b6 36. Rbe1 Bd5 37. Rh4 Bxa2 38. e6 Bc4 39. Ke5 Re2+
40. Rxe2 Bxe2 41. f6+ Ke8 42. f7+ Ke7 43. Rd4 Rxh7 44. Rd7+ Kf8 45. Rd8+ Kg7
46. f8=Q+ Kg6 47. Qf5+ Kh6 48. Rg8 Rg7 49. Qf6+ 1-0

[Event "Trenton Quads (January)"]
[Site "Trenton, Mich."]
[Date "1986.01.11"]
[Round "3"]
[White "Moody, David"]
[Black "Bolda, Daniel H"]
[Result "1/2-1/2"]
[WhiteElo "1918"]
[BlackElo "1835"]
[PlyCount "113"]
[EventDate "1986.01.11"]

1. e4 e6 2. d4 d5 3. Nc3 Bb4 4. e5 c5 5. a3 cxd4 6. Qxd4 Nc6 7. Bb5 Bd7 8. Bxc6
Bxc3+ 9. Qxc3 Bxc6 10. Qg3 Kf8 11. Ne2 Ne7 12. Nd4 Ng6 13. Be3 Qh4 14. Qxh4
Nxh4 15. O-O Ng6 16. f4 h5 17. Rae1 Ne7 18. f5 exf5 19. Nxf5 Nxf5 20. Rxf5 Ke7
21. Ref1 Be8 22. Bc5+ Ke6 23. Bd6 Rc8 24. R1f2 Rc4 25. R5f4 Rxf4 26. Rxf4 f6
27. exf6 g5 28. Rf3 Kxd6 29. f7 Bxf7 30. Rxf7 Kc6 31. Kf2 a5 32. Rg7 Rf8+ 33.
Ke2 Rf5 34. Rg6+ Kc5 35. Rg7 b6 36. Rc7+ Kb5 37. Rc3 d4 38. Rf3 Re5+ 39. Kd3
Kc5 40. b4+ axb4 41. axb4+ Kxb4 42. Kxd4 Rc5 43. Rb3+ Ka5 44. Ra3+ Kb5 45. Rb3+
Kc6 46. Rc3 Rxc3 47. Kxc3 Kc5 48. Kd3 b5 49. Kc3 b4+ 50. Kb3 Kb5 51. c3 bxc3
52. Kxc3 Kc5 53. Kd3 Kd5 54. Ke3 Ke5 55. Kf3 Kf5 56. g4+ hxg4+ 57. Kg3 1/2-1/2

[Event "OCC Tornado (January)"]
[Site "Auburn Hills, Mich."]
[Date "1986.01.25"]
[Round "4"]
[White "Bath, John"]
[Black "Moody, David"]
[Result "1-0"]
[WhiteElo "2124"]
[BlackElo "1918"]
[PlyCount "61"]
[EventDate "1986.01.25"]

1. d4 Nf6 2. c4 c5 3. e3 d5 4. Nc3 e6 5. Nf3 Nc6 6. Be2 Be7 7. O-O O-O 8. a3 b6
9. b3 Bb7 10. Bb2 Rc8 11. cxd5 exd5 12. Bd3 Na5 13. dxc5 bxc5 14. Rc1 Qb6 15.
Bc2 Rfd8 16. Na4 Qb5 17. Bf5 Rb8 18. Bxf6 Bxf6 19. Rxc5 Qa6 20. Bd3 Nc4 21.
bxc4 dxc4 22. Rxc4 Bd5 23. Rd4 Qc6 24. Qc2 Bxd4 25. Nxd4 Qxc2 26. Bxc2 Bc4 27.
Rb1 Rxb1+ 28. Bxb1 Bb3 29. Nc5 Rc8 30. Ncxb3 a5 31. Ne2 1-0

[Event "Ann Arbor Super Tornado"]
[Site "Ann Arbor, Mich."]
[Date "1986.02.23"]
[Round "4"]
[White "Thompson, Dexter"]
[Black "Moody, David"]
[Result "0-1"]
[WhiteElo "2198"]
[BlackElo "1970"]
[PlyCount "58"]
[EventDate "1986.02.23"]

1. e4 e5 2. Nf3 Nc6 3. Bc4 Nf6 4. d3 Bc5 5. Bg5 d6 6. Nc3 h6 7. Bxf6 Qxf6 8.
Nd5 Qg6 9. Qe2 Bg4 10. c3 Bb6 11. a4 a6 12. b4 Ne7 13. a5 Nxd5 14. Bxd5 c6 15.
Bxc6+ bxc6 16. axb6 O-O 17. c4 f5 18. c5 fxe4 19. dxe4 Rf4 20. Rxa6 Rxa6 21.
Qxa6 Qxe4+ 22. Kf1 Qb1+ 23. Ne1 Re4 24. Qc4+ Rxc4 25. f3 Bc8 26. Kf2 Rc1 27.
cxd6 Qxb4 28. Nd3 Qxb6+ 29. Kg3 Rxh1 0-1

[Event "Ann Arbor Super Tornado"]
[Site "Ann Arbor, Mich."]
[Date "1986.02.23"]
[Round "1"]
[White "Moody, David"]
[Black "Campbell, Michael"]
[Result "1-0"]
[WhiteElo "1970"]
[BlackElo "1366"]
[PlyCount "73"]
[EventDate "1986.02.23"]

1. e4 c5 2. Nf3 d6 3. d4 cxd4 4. Nxd4 e6 5. c4 Nf6 6. Nc3 Nc6 7. Be3 Be7 8. Be2
O-O 9. O-O e5 10. Nc2 Be6 11. f3 a6 12. Qd2 b5 13. cxb5 axb5 14. Bxb5 Qc7 15.
Rac1 Bd7 16. Rfd1 Rfd8 17. Nd5 Nxd5 18. Qxd5 Na7 19. Nb4 Qb8 20. Bxd7 Rxd7 21.
Na6 Qb7 22. Qxb7 Rxb7 23. Rc7 Rxc7 24. Nxc7 Rc8 25. Nd5 Nc6 26. Nxe7+ Nxe7 27.
Rxd6 Kf8 28. a4 Ke8 29. a5 Nc6 30. Bb6 Ke7 31. Rd5 Rb8 32. Kf2 Ke6 33. Ke3 Nb4
34. Rxe5+ Kxe5 35. Bc7+ Ke6 36. Bxb8 Nc6 37. a6 1-0

[Event "Ann Arbor Super Tornado"]
[Site "Ann Arbor, Mich."]
[Date "1986.02.23"]
[Round "3"]
[White "Moody, David"]
[Black "Burg, Dan"]
[Result "1-0"]
[WhiteElo "1970"]
[BlackElo "1841"]
[PlyCount "41"]
[EventDate "1986.02.23"]

1. Nf3 Nf6 2. d3 g6 3. g3 Bg7 4. Bg2 O-O 5. O-O d5 6. Nbd2 Bg4 7. Ne5 Be6 8. c4
dxc4 9. Bxb7 Bd5 10. Bxa8 Bxa8 11. dxc4 Qd6 12. Ndf3 Rd8 13. Bf4 Nh5 14. Qa4
Nxf4 15. gxf4 Qf6 16. Qxa7 Be4 17. Rad1 Nc6 18. Rxd8+ Nxd8 19. Qb8 e6 20. Rd1
Qxf4 21. Rxd8+ 1-0

[Event "Ann Arbor Super Tornado"]
[Site "Ann Arbor, Mich."]
[Date "1986.02.23"]
[Round "2"]
[White "Lindsay, Fred"]
[Black "Moody, David"]
[Result "1-0"]
[WhiteElo "2359"]
[BlackElo "1970"]
[PlyCount "59"]
[EventDate "1986.02.23"]

1. c4 e5 2. Nc3 Nc6 3. Nf3 f5 4. d4 e4 5. Bg5 Be7 6. Bxe7 Ncxe7 7. Nd2 Nf6 8.
e3 d5 9. cxd5 O-O 10. Bc4 Nexd5 11. Qb3 c6 12. O-O-O Kh8 13. Be2 Be6 14. Nxd5
Bxd5 15. Bc4 Qc7 16. Bxd5 Nxd5 17. Kb1 f4 18. Nxe4 fxe3 19. fxe3 Rae8 20. Nc3
Nxe3 21. Rd2 Rf1+ 22. Rxf1 Nxf1 23. Rf2 Nxh2 24. Qe6 Qc8 25. Qh3 Qxh3 26. gxh3
Rd8 27. d5 cxd5 28. Rxh2 d4 29. Rd2 Kg8 30. Ne2 1-0

[Event "Ann Arbor Super Tornado"]
[Site "Ann Arbor, Mich."]
[Date "1986.02.23"]
[Round "5"]
[White "Baze, Lineas"]
[Black "Moody, David"]
[Result "1-0"]
[WhiteElo "2010"]
[BlackElo "1970"]
[PlyCount "85"]
[EventDate "1986.02.23"]

1. c4 e5 2. Nc3 Nc6 3. g3 f5 4. Bg2 Nf6 5. e3 Be7 6. Nge2 O-O 7. O-O d6 8. a3
Be6 9. b3 Qd7 10. d4 d5 11. dxe5 Nxe5 12. Nxd5 Rad8 13. Nef4 c6 14. Nxe6 Qxe6
15. Nxe7+ Qxe7 16. Qc2 Qd7 17. Bb2 Nd3 18. Bxf6 Rxf6 19. c5 Qe7 20. Rfd1 Ne5
21. Rxd8+ Qxd8 22. Rd1 Qe7 23. b4 Nd7 24. Qd2 Ne5 25. Qd8+ Qxd8 26. Rxd8+ Rf8
27. Rd4 Kf7 28. f4 Ng4 29. Rd7+ Ke6 30. Rxb7 Rd8 31. Bf3 Nxe3 32. Rxg7 Rd7 33.
Rxd7 Kxd7 34. a4 Nc2 35. Be2 Nxb4 36. Kf2 Ke6 37. Bc4+ Kf6 38. Ke3 a5 39. h3
Nc2+ 40. Kd2 Nd4 41. Kd3 Nf3 42. Ke3 Ne1 43. Bb3 1-0

[Event "Toledo March Swiss"]
[Site "Toledo, Ohio"]
[Date "1986.03.08"]
[Round "3"]
[White "Sarka, Kenneth"]
[Black "Moody, David"]
[Result "1-0"]
[WhiteElo "1718"]
[BlackElo "1970"]
[PlyCount "65"]
[EventDate "1986.03.08"]

1. f4 e5 2. e4 d5 3. exd5 e4 4. Nc3 Nf6 5. Bc4 Bc5 6. d4 exd3 7. Qxd3 O-O 8. h3
Re8+ 9. Nge2 Qe7 10. Bd2 c6 11. O-O-O cxd5 12. Bb3 Nc6 13. Ng3 Ne4 14. Nxd5 Qe6
15. Nc7 Nf2 16. Bxe6 Nxd3+ 17. cxd3 Bxe6 18. Nxa8 Rxa8 19. Kb1 Rd8 20. Bc3 Bd5
21. Ne4 Be3 22. Rhe1 Bxf4 23. g3 Bc7 24. g4 Ne5 25. Bxe5 Bxe5 26. Nc3 f6 27.
Nxd5 Rxd5 28. Re4 Kf7 29. d4 Bd6 30. Rf1 h5 31. Rf5 Rxf5 32. gxf5 g5 33. Kc2
1-0

[Event "Toledo March Swiss"]
[Site "Toledo, Ohio"]
[Date "1986.03.08"]
[Round "2"]
[White "Moody, David"]
[Black "Walk, Richard"]
[Result "1/2-1/2"]
[WhiteElo "1970"]
[BlackElo "1711"]
[PlyCount "58"]
[EventDate "1986.03.08"]

1. e4 e5 2. Nf3 Nc6 3. d4 exd4 4. Bc4 Nf6 5. O-O d6 6. Nxd4 Nxd4 7. Qxd4 Be7 8.
Nc3 Bd7 9. Bg5 h6 10. Bh4 c6 11. Rad1 Qb6 12. Qxb6 axb6 13. Bg3 b5 14. Bb3 b4
15. e5 dxe5 16. Na4 Ra5 17. Rfe1 e4 18. Bc7 Rf5 19. Nb6 Be6 20. Bxe6 fxe6 21.
Nc8 Kf7 22. Nxe7 Kxe7 23. Bd6+ Kf7 24. Bxb4 Ra8 25. a3 c5 26. Bc3 Nd5 27. Bd2
Ra4 28. Bc1 Nf6 29. b3 Rd4 1/2-1/2

[Event "Toledo March Swiss"]
[Site "Toledo, Ohio"]
[Date "1986.03.08"]
[Round "4"]
[White "Moody, David"]
[Black "Koelsch, Ncholas"]
[Result "1-0"]
[WhiteElo "1970"]
[BlackElo "1326"]
[PlyCount "47"]
[EventDate "1986.03.08"]

1. e4 e5 2. Nf3 Nf6 3. Nxe5 d6 4. Nf3 Nxe4 5. d4 d5 6. Bd3 Be7 7. O-O O-O 8. c4
Nf6 9. Bg5 Bg4 10. Nbd2 Re8 11. Qb3 Nbd7 12. cxd5 Nb6 13. Ne5 Nfxd5 14. Bxe7
Qxe7 15. Nxg4 Qg5 16. Qd1 Nf4 17. Ne4 Rxe4 18. Bxe4 f5 19. Qb3+ Kh8 20. Ne5 Rf8
21. Nf7+ Rxf7 22. Qxf7 h5 23. Qf8+ Kh7 24. Bxf5+ 1-0

[Event "Toledo March Swiss"]
[Site "Toledo, Ohio"]
[Date "1986.03.08"]
[Round "1"]
[White "Magalski, Joe"]
[Black "Moody, David"]
[Result "0-1"]
[WhiteElo "1526"]
[BlackElo "1970"]
[PlyCount "64"]
[EventDate "1986.03.08"]

1. e4 e5 2. Nf3 Nc6 3. Bb5 a6 4. Ba4 Nf6 5. O-O Be7 6. d4 b5 7. Bb3 exd4 8.
Nxd4 Nxd4 9. Qxd4 c5 10. Qe3 c4 11. Qf3 Bb7 12. Re1 cxb3 13. Qxb3 Nxe4 14. Qh3
O-O 15. Nc3 Bb4 16. Rxe4 Bxc3 17. Rh4 Bf6 18. Rxh7 g6 19. Bg5 Bxg5 20. Rh8+ Kg7
21. Qh7+ Kf6 22. h4 Rxh8 23. hxg5+ Kxg5 24. Qxf7 Qf6 25. Qxd7 Rad8 26. Qxb7 Qd6
27. g3 Qd5 28. Qe7+ Kf5 29. g4+ Kxg4 30. Qe2+ Kf5 31. f3 Qd4+ 32. Kg2 Qd2 0-1

[Event "Trenton Mini-Swiss (March)"]
[Site "Trenton, Mich."]
[Date "1986.03.15"]
[Round "1"]
[White "Moody, David"]
[Black "Thompson, Dexter"]
[Result "0-1"]
[WhiteElo "1970"]
[BlackElo "2198"]
[PlyCount "56"]
[EventDate "1986.03.15"]

1. e4 e5 2. Nf3 Nc6 3. d4 exd4 4. Bc4 Nf6 5. O-O Nxe4 6. Re1 d5 7. Nc3 Be6 8.
Bxd5 Nxc3 9. Bxc6+ bxc6 10. bxc3 Bd6 11. Nxd4 O-O 12. Nxe6 fxe6 13. Qg4 e5 14.
Bg5 Qe8 15. Rad1 Qg6 16. Qc4+ Rf7 17. Qxc6 Raf8 18. Be3 Qxc2 19. Rd2 Qg6 20.
Bxa7 e4 21. Qxe4 Bxh2+ 22. Kh1 Qh6 23. Be3 Bf4+ 24. Kg1 Qh2+ 25. Kf1 Bxe3 26.
Rxe3 Qh1+ 27. Ke2 Rxf2+ 28. Kd3 Qb1+ 0-1

[Event "Trenton Mini-Swiss (March)"]
[Site "Trenton, Mich."]
[Date "1986.03.15"]
[Round "2"]
[White "Moody, David"]
[Black "Baudry, Pascal"]
[Result "1/2-1/2"]
[WhiteElo "1970"]
[BlackElo "2093"]
[PlyCount "35"]
[EventDate "1986.03.15"]

1. e4 e5 2. Nf3 Nc6 3. d4 exd4 4. Bc4 Nf6 5. O-O Nxe4 6. Re1 d5 7. Nc3 dxc4 8.
Nxe4 Be7 9. Bg5 Bxg5 10. Nexg5+ Kf8 11. Qe2 h6 12. Rad1 Bg4 13. Nxf7 Kxf7 14.
Qxc4+ Kg6 15. Nxd4 Bxd1 16. Qd3+ Kf7 17. Qc4+ Kg6 18. Qd3+ 1/2-1/2

[Event "Trenton Mini-Swiss (March)"]
[Site "Trenton, Mich."]
[Date "1986.03.15"]
[Round "3"]
[White "Eagle, Chris"]
[Black "Moody, David"]
[Result "1/2-1/2"]
[WhiteElo "1912"]
[BlackElo "1970"]
[PlyCount "41"]
[EventDate "1986.03.15"]

1. e4 e5 2. Nf3 Nc6 3. Bb5 a6 4. Ba4 Nf6 5. O-O Be7 6. Re1 b5 7. Bb3 O-O 8. c3
d5 9. exd5 Nxd5 10. Nxe5 Nxe5 11. Rxe5 c6 12. d4 Bd6 13. Re1 Qh4 14. g3 Qh3 15.
Be3 Bg4 16. Qd3 Rae8 17. Qf1 Qh5 18. Nd2 Bh3 19. Qe2 Bg4 20. Qf1 Bh3 21. Qe2
1/2-1/2

[Event "Sorry for the Delay"]
[Site "Auburn Hills, Mich."]
[Date "1986.04.05"]
[Round "2"]
[White "Yahkind, Alex"]
[Black "Moody, David"]
[Result "1/2-1/2"]
[WhiteElo "2112"]
[BlackElo "1970"]
[PlyCount "61"]
[EventDate "1986.04.05"]

1. e4 e5 2. Nf3 Nc6 3. d4 exd4 4. Nxd4 Nf6 5. Nxc6 bxc6 6. e5 Nd5 7. c4 Nb6 8.
Bd3 Bc5 9. O-O d5 10. exd6 cxd6 11. Nc3 Be6 12. Qf3 O-O 13. Ne4 Bd4 14. Ng5 g6
15. Nxe6 fxe6 16. Qg4 Qf6 17. Qg3 Be5 18. Qe3 Rae8 19. Rb1 Na4 20. Qe2 Rb8 21.
Re1 Nxb2 22. Bxb2 Rxb2 23. Rxb2 Bxb2 24. Qxe6+ Qxe6 25. Rxe6 Be5 26. Re7 Rf7
27. Rxf7 Kxf7 28. Be4 c5 29. Kf1 Ke7 30. g3 Kf6 31. Ke2 1/2-1/2

[Event "Sorry for the Delay"]
[Site "Auburn Hills, Mich."]
[Date "1986.04.05"]
[Round "1"]
[White "Moody, David"]
[Black "Feldman, Joe"]
[Result "1-0"]
[WhiteElo "1970"]
[BlackElo "1418"]
[PlyCount "21"]
[EventDate "1986.04.05"]

1. e4 e5 2. Nf3 Nc6 3. d4 exd4 4. Bc4 Bc5 5. O-O h6 6. c3 Qf6 7. e5 Qg6 8. cxd4
Be7 9. Re1 b6 10. Nc3 Bb7 11. Bd3 1-0

[Event "Sorry for the Delay"]
[Site "Auburn Hills, Mich."]
[Date "1986.04.05"]
[Round "4"]
[White "Moody, David"]
[Black "Bath, John"]
[Result "0-1"]
[WhiteElo "1970"]
[BlackElo "2118"]
[PlyCount "106"]
[EventDate "1986.04.05"]

1. e4 e6 2. d4 d5 3. Be3 Nf6 4. e5 Nfd7 5. Bd3 c5 6. c3 Nc6 7. a3 a5 8. Nf3
cxd4 9. cxd4 Qb6 10. Qc2 f6 11. Nc3 fxe5 12. Bxh7 Nxd4 13. Nxd4 exd4 14. Bg5
Ne5 15. Bg6+ Kd7 16. Na4 Qc6 17. Rc1 Qxc2 18. Rxc2 Ra6 19. Be8+ Kxe8 20. Rxc8+
Kf7 21. f4 Nd3+ 22. Ke2 b5 23. Kxd3 bxa4 24. Rhc1 Rxh2 25. R1c7+ Kg6 26. Rxf8
Rxg2 27. Rg8 e5 28. Rcxg7+ Kf5 29. fxe5 Rxb2 30. Bf6 Rb3+ 31. Kxd4 Rxa3 32.
Rg5+ Kf4 33. Rh8 Rb3 34. Rh4+ Kf3 35. Rh3+ Kf4 36. Rh4+ Kf3 37. Kxd5 Rb5+ 38.
Kc4 Rb4+ 39. Kd5 Rxh4 40. e6 Ra8 41. Rf5+ Rf4 42. Rxf4+ Kxf4 43. Be5+ Kf5 44.
Bd6 Kf6 45. e7 Rc8 46. Bc7 Kxe7 47. Bxa5 Kd7 48. Bb4 Rc1 49. Ba3 Rc3 50. Bb4
Rc1 51. Ba3 Ra1 52. Bb4 a3 53. Kc4 a2 0-1

[Event "Sorry for the Delay"]
[Site "Auburn Hills, Mich."]
[Date "1986.04.05"]
[Round "3"]
[White "Moody, David"]
[Black "Almquist, Walter"]
[Result "1-0"]
[WhiteElo "1970"]
[BlackElo "1819"]
[PlyCount "61"]
[EventDate "1986.04.05"]

1. e4 c5 2. Nc3 d6 3. f4 Nc6 4. Nf3 e6 5. Bb5 Bd7 6. d3 Nf6 7. O-O Be7 8. Kh1
a6 9. Ba4 b5 10. Bb3 Na5 11. Qe2 O-O 12. Bd2 Qc7 13. f5 c4 14. dxc4 Nxc4 15.
Nd4 Nxd2 16. Qxd2 b4 17. Nce2 Nxe4 18. Qxb4 Rfb8 19. Qe1 d5 20. fxe6 fxe6 21.
Nf4 Qe5 22. Rd1 Bc5 23. Nfxe6 Bxe6 24. Nxe6 Nf2+ 25. Rxf2 Qxe1+ 26. Rxe1 Bxf2
27. Rf1 Be3 28. Bxd5 Ra7 29. Nd8+ Rf7 30. Rxf7 h6 31. Rb7+ 1-0

[Event "Jackson Tornado"]
[Site "Jackson, Mich."]
[Date "1986.04.19"]
[Round "4"]
[White "Stockham, James"]
[Black "Moody, David"]
[Result "0-1"]
[WhiteElo "1927"]
[BlackElo "1970"]
[PlyCount "50"]
[EventDate "1986.04.19"]

1. d4 Nf6 2. c4 c5 3. d5 d6 4. Nc3 g6 5. e4 Bg7 6. f4 O-O 7. Be2 e6 8. Nf3 exd5
9. cxd5 a6 10. a4 Re8 11. Qc2 Nxe4 12. Nxe4 Bf5 13. Nfd2 Qe7 14. O-O Bxe4 15.
Bd3 Bxd5 16. Nf3 Nd7 17. Bd2 Rab8 18. f5 Ne5 19. Nxe5 Bxe5 20. f6 Bxf6 21. Rxf6
Qxf6 22. Bc3 Qg5 23. Rf1 c4 24. Bxc4 Bxc4 25. Bf6 Qc5+ 0-1

[Event "Jackson Tornado"]
[Site "Jackson, Mich."]
[Date "1986.04.19"]
[Round "2"]
[White "Moody, David"]
[Black "Wygrecki, John"]
[Result "1-0"]
[WhiteElo "1970"]
[BlackElo "2289"]
[PlyCount "61"]
[EventDate "1986.04.19"]

1. c4 Nf6 2. Nc3 g6 3. g3 Bg7 4. Bg2 c6 5. e3 d5 6. cxd5 cxd5 7. Nge2 Nc6 8.
O-O O-O 9. Nf4 d4 10. Na4 e5 11. Ne2 d3 12. Nec3 Nb4 13. Nc5 Qe7 14. N5e4 Nxe4
15. Nxe4 f5 16. Nc3 e4 17. f3 exf3 18. Bxf3 Be6 19. a3 Nc2 20. Rb1 Rad8 21. b4
Qg5 22. Rf2 Nd4 23. exd4 Bxd4 24. Kg2 Bxf2 25. Kxf2 f4 26. g4 h5 27. h3 Rde8
28. Qh1 Qh4+ 29. Kg2 Qg3+ 30. Kf1 Bd5 31. Bxd5+ 1-0

[Event "Jackson Tornado"]
[Site "Jackson, Mich."]
[Date "1986.04.19"]
[Round "5"]
[White "Moody, David"]
[Black "White, Brad"]
[Result "0-1"]
[WhiteElo "1970"]
[BlackElo "1560"]
[PlyCount "100"]
[EventDate "1986.04.19"]

1. e4 e5 2. Nf3 Nf6 3. Nc3 Bb4 4. Bc4 Bxc3 5. dxc3 Nc6 6. O-O d6 7. Re1 O-O 8.
Bg5 Be6 9. Bb3 Na5 10. Bxe6 fxe6 11. Qe2 Qe8 12. Rad1 Nh5 13. g3 Nc6 14. Nh4 h6
15. Be3 g5 16. Ng2 Ne7 17. Qg4 Qg6 18. f4 exf4 19. gxf4 gxf4 20. Qxg6+ Nxg6 21.
Bc1 f3 22. Rf1 Kh7 23. Ne3 Ne5 24. Rf2 Rg8+ 25. Kh1 Nf4 26. Rdf1 Nh3 27. Rd2 f2
28. Rdxf2 Nxf2+ 29. Rxf2 Raf8 30. Re2 Rf3 31. Re1 Rf2 32. Rf1 Rxf1+ 33. Nxf1
Nf3 34. Ng3 Ne1 35. Kg1 Nf3+ 36. Kg2 Rf8 37. Ne2 Ne1+ 38. Kg3 Nxc2 39. Nf4 Rg8+
40. Kf2 Rf8 41. Kg3 e5 42. Ne2 Ne1 43. Bd2 Nf3 44. Be3 b6 45. Nc1 Ng5 46. Bxg5
hxg5 47. Nd3 Rf1 48. Kg4 Kg6 49. Nb4 Rf2 50. h3 Rxb2 0-1

[Event "Jackson Tornado"]
[Site "Jackson, Mich."]
[Date "1986.04.19"]
[Round "1"]
[White "Moody, David"]
[Black "Dietel, Vic"]
[Result "1-0"]
[WhiteElo "1970"]
[BlackElo "1420"]
[PlyCount "49"]
[EventDate "1986.04.19"]

1. e4 e5 2. Nf3 Nc6 3. d4 exd4 4. Bc4 Nf6 5. O-O d6 6. Nxd4 Bd7 7. Nc3 Be7 8.
h3 O-O 9. Re1 Ne5 10. Bb3 Qc8 11. f4 Bxh3 12. fxe5 dxe5 13. Nf3 Bg4 14. Bg5
Bc5+ 15. Kh1 Bh5 16. Bxf6 gxf6 17. Nd5 Be7 18. Nxe7+ Kh8 19. Nxc8 Raxc8 20. Qd2
Rcd8 21. Qh6 Bg6 22. Rad1 Rc8 23. Rd7 Rg8 24. Bxf7 Bxf7 25. Rxf7 1-0

[Event "Jackson Tornado"]
[Site "Jackson, Mich."]
[Date "1986.04.19"]
[Round "4"]
[White "Kulbacki, Jim"]
[Black "Moody, David"]
[Result "1-0"]
[WhiteElo "2048"]
[BlackElo "1970"]
[PlyCount "111"]
[EventDate "1986.04.19"]

1. d4 Nf6 2. c4 c5 3. d5 d6 4. Nc3 g6 5. Nf3 Bg7 6. e4 O-O 7. Be2 e6 8. O-O
exd5 9. cxd5 a6 10. a4 Bg4 11. Nd2 Bxe2 12. Qxe2 Nbd7 13. Nc4 Nb6 14. Nxd6
Nfxd5 15. Nxd5 Qxd6 16. Bf4 Qe6 17. Nc7 Qb3 18. Nxa8 Rxa8 19. Ra3 Qxb2 20. Qxb2
Bxb2 21. Rb3 Nxa4 22. Rxb7 Bd4 23. Bd2 Re8 24. Ra7 Rxe4 25. Rxa6 Nb2 26. Bh6 f5
27. Ra8+ Kf7 28. Ra7+ Ke6 29. Rxh7 Nd3 30. Be3 Rxe3 31. fxe3 Bxe3+ 32. Kh1 Nf2+
33. Rxf2 Bxf2 34. g3 Bd4 35. Kg2 Kf6 36. Kf3 Kg5 37. h4+ Kf6 38. Rc7 Ke6 39.
Rc6+ Kf7 40. Kf4 Kg7 41. h5 gxh5 42. Kxf5 Bf2 43. Kf4 Kh7 44. Kf3 Bd4 45. Kg2
Be3 46. Kh2 Bd4 47. Kh3 Be3 48. Kh4 Bf2 49. Rf6 Bd4 50. Rf5 Kg6 51. Rxh5 Bf6+
52. Kg4 c4 53. Rc5 c3 54. Rc6 Kf7 55. Kf5 Bg7 56. Rc7+ 1-0